Score 0/23 Timer 04:00
0 Plays Today
Year Governor % Correct
2012Mitt Romney
100%
2008Mitt Romney
100%
2004George W. Bush
100%
2000George W. Bush
100%
1996Bill Clinton
90.9%
1992Bill Clinton
90.9%
1984Ronald Reagan
90.9%
1980Ronald Reagan
90.9%
1976Ronald Reagan
90.9%
1968Ronald Reagan
90.9%
2016John Kasich
87.9%
1980Jimmy Carter
87.9%
Year Governor % Correct
1976Jimmy Carter
87.9%
1976George Wallace
78.8%
1972George Wallace
78.8%
1968George Wallace
78.8%
1988Michael Dukakis
75.8%
1992Jerry Brown
69.7%
1976Jerry Brown
69.7%
2008Mike Huckabee
66.7%
2004Howard Dean
66.7%
1968Nelson Rockefeller
63.6%
1996Lamar Alexander
51.5%

You're not logged in!

Compare scores with friends on all Sporcle quizzes.
OR
Log In

Sporcle TV

Today on Sporcle TV


Watch our educational content, quiz creation guides, and fun videos on Sporcle TV.

Show Comments

Extras

Created Sep 9, 2019ReportNominate
Tags:State Quiz, 1968, Governor, President, run

Top Quizzes Today


Score Distribution

Paid Content

Your Account Isn't Verified!

In order to create a playlist on Sporcle, you need to verify the email address you used during registration. Go to your Sporcle Settings to finish the process.

Report this User

Report this user for behavior that violates our Community Guidelines.

Details: